| 000 | 00566nam a2200181Ia 4500 | ||
|---|---|---|---|
| 008 | 100921s9999 xx 000 0 und d | ||
| 082 |
_b20415 _a891.463 थ 87 |
||
| 100 | _aजोशी स्नेहल. | ||
| 245 | _aघरसंसार. | ||
| 260 |
_bमनमोहिनी प्रकाशन,पुणे. _c1987 |
||
| 300 |
_a184 _b--- |
||
| 365 | _b45 | ||
| 520 | _aललित-कादंबरी. | ||
| 630 | _aघरसंसार. | ||
| 650 | _aललित-कादंबरी. | ||
| 730 | _aघरसंसार. | ||
| 942 | _cBOOK | ||
| 999 |
_c769528 _d769525 |
||